Darkweb cyber threat intelligence mining (Record no. 5998)

MARC details
000 -LEADER
fixed length control field 00824nam a22002897a 4500
003 - CONTROL NUMBER IDENTIFIER
control field OSt
005 - DATE AND TIME OF LATEST TRANSACTION
control field 20220107122837.0
008 - FIXED-LENGTH DATA ELEMENTS--GENERAL INFORMATION
fixed length control field 180301b xxu||||| |||| 00| 0 eng d
020 ## - INTERNATIONAL STANDARD BOOK NUMBER
International Standard Book Number 9781107185777
040 ## - CATALOGING SOURCE
Transcribing agency IIITMK
082 ## - DEWEY DECIMAL CLASSIFICATION NUMBER
Classification number 005.82 ROB/D
100 ## - MAIN ENTRY--PERSONAL NAME
Personal name Robertson, John
9 (RLIN) 13751
245 ## - TITLE STATEMENT
Title Darkweb cyber threat intelligence mining
Statement of responsibility, etc. John Robertson
260 ## - PUBLICATION, DISTRIBUTION, ETC.
Place of publication, distribution, etc. UK,
Name of publisher, distributor, etc. Cambridge University Press,
Date of publication, distribution, etc. 2017.
300 ## - PHYSICAL DESCRIPTION
Extent ix,137p.
650 ## - SUBJECT ADDED ENTRY--TOPICAL TERM
Topical term or geographic name entry element COMPUTER SCIENCE
9 (RLIN) 13790
650 ## - SUBJECT ADDED ENTRY--TOPICAL TERM
Topical term or geographic name entry element CYBER SECURITY
9 (RLIN) 13791
650 ## - SUBJECT ADDED ENTRY--TOPICAL TERM
Topical term or geographic name entry element CYBER CRIME
9 (RLIN) 13792
650 ## - SUBJECT ADDED ENTRY--TOPICAL TERM
Topical term or geographic name entry element DATA MINING
9 (RLIN) 13793
700 ## - ADDED ENTRY--PERSONAL NAME
Personal name Diab, Ahmad
9 (RLIN) 13752
700 ## - ADDED ENTRY--PERSONAL NAME
Personal name Marin, Ericsson
9 (RLIN) 13753
700 ## - ADDED ENTRY--PERSONAL NAME
Personal name Nunes, Eric
9 (RLIN) 13754
700 ## - ADDED ENTRY--PERSONAL NAME
Personal name Paliath, Vivin
9 (RLIN) 13755
700 ## - ADDED ENTRY--PERSONAL NAME
Personal name Shakarian, Jana
9 (RLIN) 13756
700 ## - ADDED ENTRY--PERSONAL NAME
Personal name Shakarian, Paulo
9 (RLIN) 13757
942 ## - ADDED ENTRY ELEMENTS (KOHA)
Source of classification or shelving scheme Dewey Decimal Classification
Koha item type Books
Holdings
Withdrawn status Lost status Source of classification or shelving scheme Damaged status Not for loan Collection code Home library Current library Shelving location Date acquired Cost, normal purchase price Total Checkouts Full call number Barcode Date last seen Price effective from Koha item type
    Dewey Decimal Classification     Cryptography/ Cyber Security Kerala University of Digital Sciences, Innovation and Technology Knowledge Centre Kerala University of Digital Sciences, Innovation and Technology Knowledge Centre Computer Science 01/03/2018 2928.00   005.82 ROB/D 5184 03/12/2020 01/03/2018 Books